| 000 | 00497nam a2200181Ia 4500 | ||
|---|---|---|---|
| 008 | 240925s9999 xx 000 0 und d | ||
| 020 | _a8184312385 | ||
| 082 | _a621.3815 BAK | ||
| 100 | _aBakshi, U. A | ||
| 245 | 0 | _aElectronic Devices: [EC-1211] Semester III (EEE/ ICE /EIE) | |
| 250 | _a2nd | ||
| 260 |
_aPune: _bTechnical Publications _c,2007. |
||
| 300 |
_a792p. _bN.A _fPhotocopy |
||
| 500 | _aIncludes Index | ||
| 600 | _aElectronic Engineering | ||
| 650 | _aTechnology | ||
| 942 | _cBK | ||
| 999 |
_c11100 _d11100 |
||